| 000 | 00336nam a2200133 4500 | ||
|---|---|---|---|
| 082 | _a891.4391 | ||
| 100 | _aAbdul Rasheed Bhatti Saqi | ||
| 245 | _aZauq-e-safar (urdu) | ||
| 260 |
_aIslamabad _bPaper Communication System _c2005 |
||
| 300 |
_a400p. _e22cm. |
||
| 650 | _aNon-fiction | ||
| 700 | _aAbdul Rasheed Bhatti Saqi | ||
| 942 | _cBK | ||
| 999 |
_c12314 _d12314 |
||